Investičné kritériá a rozhodovanie v stave istoty

Guardado en:
Detalles Bibliográficos
Autor principal: Starečková, Anna
Formato: Capítulo de libro
Lenguaje:eslovaco
Etiquetas: Agregar Etiqueta
Sin Etiquetas, Sea el primero en etiquetar este registro!

MARC

LEADER 00000nla$a2200000$$$4500
001 0115665
005 20240502072304.6
041 0 |a slo 
044 |a SK 
245 1 0 |a Investičné kritériá a rozhodovanie v stave istoty  |c Anna Starečková 
500 |a Abstrakty 
100 1 |a Starečková, Anna